महाराजा छत्रसाल : (Record no. 210329)

MARC details
000 -LEADER
fixed length control field 00799nam a22001817a 4500
005 - DATE AND TIME OF LATEST TRANSACTION
control field 20250317153302.0
010 ## - LCCN (DPL NO)
LC control number HIN-129470
020 ## - INTERNATIONAL STANDARD BOOK NUMBER
International Standard Book Number 978818777059
Terms of availability 500.00
035 ## - SYSTEM CONTROL NUMBER
System control number HN-101816
037 ## - SOURCE OF ACQUISITION
Source of stock number/acquisition DBAD
082 ## - DEWEY DECIMAL CLASSIFICATION NUMBER
Classification number
100 ## - MAIN ENTRY--PERSONAL NAME
Personal name वर्मा, सुरेश कुमार
245 ## - TITLE STATEMENT
Title महाराजा छत्रसाल :
Statement of responsibility, etc सुरेश कुमार वर्मा
Remainder of title बुन्देलखण्ड की अप्रतिम शौर्यगाथा /
260 ## - PUBLICATION, DISTRIBUTION, ETC. (IMPRINT)
Place of publication, distribution, etc इलाहाबाद
Name of publisher, distributor, etc मानस पब्लिकेशन्स
Date of publication, distribution, etc 2016
270 ## - ADDRESS
Address 52, तुलारामबाग,
City इलाहाबाद
Postal code 211006
300 ## - PHYSICAL DESCRIPTION
Extent 198पृ.
Dimensions 22सेमी. (सजिल्द)
942 ## - ADDED ENTRY ELEMENTS (KOHA)
Source of classification or shelving scheme Dewey Decimal Classification
Item type Hindi Books
Classification part
Call number suffix वर्मासु
Holdings
Withdrawn status Lost status Not for loan Collection code Home library Current library Date acquired Source of acquisition Cost, normal purchase price Full call number Barcode Copy number Cost, replacement price Koha item type
      Fiction Ashok Vihar Ashok Vihar 17/03/2025 DBAD 500.00 उ वर्मासु HN-101816 1 500.00 Hindi Books

© Delhi Public Library
Hit Counter
free hit counter